clic De qui sont ces célèbres parfums ? (2) - Statistiques

Statistiques générales
  • Ce quiz a été pris 46 fois
  • Le résultat moyen est 11 sur 50
Statistiques - réponses
Hint Extra Hint Réponse % Correct
Miss Dior 1947 Christian Dior
91%
Sauvage 2015 Christian Dior
85%
Coco 1984 Chanel
76%
L'Interdit 1957 Givenchy
59%
Anaïs Anaïs 1980 Cacharel
50%
Polo 1978 Ralph Lauren
50%
Y 1964 Yves Saint-Laurent
50%
Fahrenheit 1988 Christian Dior
44%
Diorama 1949 Christian Dior
44%
Shalimar 1925 Guerlain
44%
La vie est belle 2012 Lancôme
38%
Yvresse 1993 Yves Saint-Laurent
38%
Habit rouge 1965 Guerlain
35%
Poison 1985 Christian Dior
29%
L'air du temps 1948 Nina Ricci
29%
La petite robe noire 2008 Guerlain
26%
London 2006 Burberry
24%
Panthère 1987 Cartier
24%
Jardins de Bagatelle 1983 Guerlain
24%
Kouros 1981 Yves Saint-Laurent
24%
Her 2022 Burberry
18%
Ivoire 1979 Balmain
15%
Pour un homme 1934 Caron
15%
Fragile 1999 Jean-Paul Gaultier
12%
Tocade 1994 Rochas
12%
Diva 1983 Ungaro
12%
Organza 1996 Givenchy
9%
Sublime 1992 Jean Patou
9%
Paname 2001 Jean Patou
9%
Clair de Jour 1983 Lanvin
9%
Femme 1945 Rochas
9%
Macassar 1980 Rochas
9%
Vu 1975 Ted Lapidus
9%
Diva 1983 Ungaro
9%
Dix 1946 Balenciaga
6%
Initial 2000 Boucheron
6%
Yatagan 1976 Caron
6%
Devotion 2023 Dolce & Gabbana
6%
Joy 1930 Jean Patou
6%
Enjoy 2003 Jean Patou
6%
Senso 1987 Ungaro
6%
Midnight in Paris 2011 Van Cleef & Arpels
6%
Féérie 2008 Van Cleef & Arpels
6%
Jolie madame 1953 Balmain
3%
Emeraude 1921 François Coty
3%
Rumeur 1932 Lanvin
3%
Pure vétiver 2000 Loris Azzaro
3%
Calandre 1969 Paco Rabanne
3%
Envol 1978 Ted Lapidus
3%
La Femme 2016 Prada
0%
Aucun quiz correspondant
Distribution des résultats
% des personnes avec chaque résultat
Percentile par nombre de réponses
Votre historique - résultats
Vous n’avez pas pris ce quiz